1403 1148 1267 1948 1366 1006 1760 1646 1434 1681 1817 1347 1732 1193 1549 1064 1213 1820 1423 1075 1483 1877 1818 1153 1568 1859 1286 1145 1051 1460 1701 1553 1737 1394 1139 1949 1552 1865 1347 1621 1852 1300 1685 1155 1783 1337 1140 1398 1262 1037 1261 1023 1810 1182 1908 1072 1282 1897 1817 1703 1668 1083 1930 1686 1273 1594 1708 1348 1506 1675 1333 1172 1119 1581 1122 1536 1324 1599 1101 1446 1007 1910 1657 1234 1788 1577 1656 1736 1819 1711 1601 1732 1867 1178 1615 1343 1663 1338 1510 BCNSPRNW ULIB Ver.6.0+V

เปลี่ยนเป็นภาษาไทย

Change to English
 แสดงรายละเอียดบรรณานุกรม
  กลับหน้าหลัก

Brief Record : Get Marc (ISO 2709) : E-mail record : QR code < ปิดหน้าต่าง
LEADER : 00000nam 2200000uu 4500
001    13399129139
003     ULIB
008    250718s2567||||th 000 0 tha d
020    ^a9789740343417
050  4 ^aLB2369^bอ251ก
100 0  ^aอภิชัย วรรธนะพิศิษฐ์,^eผู้แต่ง
245 1  ^aการเขียนเพื่อการตีพิมพ์ในวารสารวิชาการ :^bคู่มือสำหรับแพทย์ประจำบ้าน นักวิชาการ นักวิจัย และผู้ปฏิบัติงานด้านเวชศาสตร์ครอบครัว และระบบบริการปฐมภูมิ = Writing for publication in scholarly journals : a guide for residents, scholars, researchers, and practitioners in family medicine and primary care /^cอภิชัย วรรธนะพิศิษฐ์
246 3  ^aWriting for publication in scholarly journals : a guide for residents, scholars, researchers, and practitioners in family medicine and primary care.
246 3  ^aWriting for publication in scholarly journals :^ba guide for residents, scholars, researchers, and practitioners in family medicine and primary care
250    ^aพิมพ์ครั้งที่ 1.
260    ^aกรุงเทพฯ :^bสำนักพิมพ์จุฬาลงกรณ์มหาวิทยาลัย,^c2567.
300    ^ax, 159 หน้า :^bภาพประกอบ, แผนภูมิ ;^c26 ซม
505 0  ^a^tการเขียนเพื่อการตีพิมพ์ในวารสารวิชาการ -- ฐานข้อมูล -- การเขียนบทความวิจัย -- การเขียนบทความประเภทอื่น -- การส่งต้นฉบับและประเด็นการตีพิมพ์.
505 2  ^aการเขียนเพื่อการตีพิมพ์ในวารสารวิชาการ -- ฐานข้อมูล -- การเขียนบทความวิจัย -- การเขียนบทความประเภทอื่น -- การส่งต้นฉบับและประเด็นการตีพิมพ์
650  4 ^aการเขียนทางการแพทย์^vคู่มือ.
650  4 ^aการเขียนทางวิชาการ^vคู่มือ.
650  4 ^aการจัดพิมพ์เอกสารวิชาการ
650  7 ^aการเขียนทางการแพทย์
650  7 ^aการเขียนทางวิชาการ
650 0  ^aการเขียนทางวิชาการ^xคู่มือ.
945    ^p260^l0^i30570
945    ^p260^l0^i30571
999    ^aกัณชพร จุลอักษร
รายการนี้ยังไม่มีแท็ก
คุณยังไม่ได้ล็อกอิน คุณสามารถมีกิจกรรมร่วมกับเว็บไซต์ได้ แต่ต้องล็อกอินก่อน ::
  ล็อกอิน

รายการสื่อสารสนเทศ

ลำดับที่ ประเภท เลขเรียก/บาร์โค้ด สถานที่ สถานะ
1. วิทยาศาสตร์การแพทย์ และสุขภาพ
วิทยาศาสตร์การแพทย์ และสุขภาพ
LB2369 อ251ก ฉ.1 
  Barcode: 30570
ห้องสมุดวิทยาเขตนครสวรรค์
►หนังสือทั่วไป:l:General Books
บนชั้น
2. วิทยาศาสตร์การแพทย์ และสุขภาพ
วิทยาศาสตร์การแพทย์ และสุขภาพ
LB2369 อ251ก ฉ.2 
  Barcode: 30571
ห้องสมุดวิทยาเขตนครสวรรค์
►หนังสือทั่วไป:l:General Books
บนชั้น

รายการใกล้เคียง
    หัวเรื่อง [การจัดพิมพ์เอกสารวิชาการ]
    หัวเรื่อง [การเขียนทางการแพทย์]
    หัวเรื่อง [การเขียนทางวิชาการ]

BibComment


ยังไม่เคยถูกคอมเมนท์

คอมเมนท์ทรัพยากรรายการนี้
  คอมเมนท์: การเขียนเพื่อการ..


 Copyright 2026. Bcnsprnw @Library